Plants of the Tahoe basin : flowering plants, trees, and ferns : a photographic guide /

Bibliographic Details
Main Author: Graf, Michael, 1961-
Format: Book
Language:English
Published: Sacramento, Calif. : Berkeley : California Native Plant Society Press ; University of California Press, [1999]
Edition:1st ed.
Subjects:

MARC

Tag First Indicator Second Indicator Subfields
LEADER 00000cam a22000004a 4500
001 in00001513321
005 20151021101353.0
008 990212s1999 cauab bi s001 0 eng
010 |a  99013267  
020 |a 0520215834 (alk. paper) 
020 |a 0520215419 (pbk. : alk. paper) 
035 |a (OCoLC)40856856 
035 |9 AJK9927AM 
040 |a DLC  |c DLC  |d AGL  |d TXA  |d UtOrBLW 
042 |a pcc 
043 |a n-us-ca  |a n-us-nv 
049 |a TXAM 
050 0 0 |a QK149  |b .G735 1999 
070 0 |a QK149  |b .G735 1999 
072 0 |a F700 
082 0 0 |a 581.9794/38  |2 21 
100 1 |a Graf, Michael,  |d 1961- 
245 1 0 |a Plants of the Tahoe basin :  |b flowering plants, trees, and ferns : a photographic guide /  |c Michael Graf. 
246 3 0 |a Tahoe basin 
250 |a 1st ed. 
264 1 |a Sacramento, Calif. :  |b California Native Plant Society Press ;  |a Berkeley :  |b University of California Press,  |c [1999] 
264 4 |c ©1999 
300 |a vi, 308 pages :  |b illustrations (some color), map ;  |c 20 cm. 
336 |a text  |b txt  |2 rdacontent 
337 |a unmediated  |b n  |2 rdamedia 
338 |a volume  |b nc  |2 rdacarrier 
504 |a Includes bibliographical references (page 297) and index,. 
650 0 |a Botany  |z Tahoe, Lake, Region (Calif. and Nev.) 
650 0 |a Botany  |z Tahoe, Lake, Region (Calif. and Nev.)  |v Pictorial works. 
650 0 |a Plants  |v Identification. 
948 |a c:jls 
999 |a MARS 
999 f f |s 2ea120f0-4ae2-3b36-adb9-8ac49139487d  |i 692518e4-9372-348f-9069-8a14ebdb5256  |t 0 
952 f f |p ric  |a Texas A&M University  |b Rellis Campus  |c Joint Library Facility  |d Remote Storage  |t 0  |e QK149 .G735 1999  |h Library of Congress classification  |i unmediated -- volume  |m A14825298081 
998 f f |a QK149 .G735 1999  |t 0  |l Remote Storage